Vector analysis with applications (Record no. 7970)

000 -LEADER
fixed length control field 00491nam a22001937a 4500
001 - CONTROL NUMBER
control field 7970
003 - CONTROL NUMBER IDENTIFIER
control field BD-DhUET
008 - FIXED-LENGTH DATA ELEMENTS--GENERAL INFORMATION
fixed length control field 141221b xxu||||| |||| 00| 0 eng d
040 ## - CATALOGING SOURCE
Transcribing agency 0
Modifying agency BD-DhUET
082 ## - DEWEY DECIMAL CLASSIFICATION NUMBER
Classification number 516.83
Item number ALI/1977
100 ## - MAIN ENTRY--PERSONAL NAME
Personal name Ali Ashraf
245 ## - TITLE STATEMENT
Title Vector analysis with applications
Statement of responsibility, etc. by Ali Ashraf
250 ## - EDITION STATEMENT
Edition statement 1st ed.
260 ## - PUBLICATION, DISTRIBUTION, ETC. (IMPRINT)
Place of publication, distribution, etc. Dhaka
Name of publisher, distributor, etc. Hafiz book centre
Date of publication, distribution, etc. 1977
300 ## - PHYSICAL DESCRIPTION
Extent 340[2]p.
Other physical details ill.
650 #0 - SUBJECT ADDED ENTRY--TOPICAL TERM
Topical term or geographic name as entry element Vector analysis
700 ## - ADDED ENTRY--PERSONAL NAME
Personal name Abdul Khaleq Hazra, Md.
942 ## - ADDED ENTRY ELEMENTS (KOHA)
Koha item type General Book
Holdings
Lost status Koha full call number Source of classification or shelving scheme Sublocation or collection (holding branch) Koha date last seen Not for loan Koha item type Koha out on loan Koha issues (times borrowed) Copy number Withdrawn status Shelving location Piece designation (barcode) Location (home branch) Date acquired Koha normalized classification for sorting Koha date last borrowed Damaged status Price effective from
 516.83/ALI/1977 Central Library, BUET2025-11-09 General Book 131 Circulation section48782Central Library, BUET2014-12-21516_830000000000000_ALI_19772023-09-26 2014-12-21
 516.83/ALI/1977 Central Library, BUET2024-02-04 General Book2024-02-1892 Circulation section48785Central Library, BUET2015-03-31516_830000000000000_ALI_19772024-02-04 2015-03-31
 516.83/ALI/1977 Central Library, BUET2015-06-07 General Book  3 Reading section56215Central Library, BUET2015-06-07516_830000000000000_ALI_1977  2015-06-07
 516.83/ALI/1977 Central Library, BUET2015-06-07 General Book  4 Reading section56213Central Library, BUET2015-06-07516_830000000000000_ALI_1977  2015-06-07
 516.83/ALI/1977 Central Library, BUET2015-06-07 General Book  5 Reading section56216Central Library, BUET2015-06-07516_830000000000000_ALI_1977  2015-06-07
 516.83/ALI/1977 Central Library, BUET2015-06-07 General Book  6 Reading section56218Central Library, BUET2015-06-07516_830000000000000_ALI_1977  2015-06-07
 516.83/ALI/1977 Central Library, BUET2025-11-09 General Book 17 Circulation section56212Central Library, BUET2015-07-12516_830000000000000_ALI_19772024-10-23 2015-07-12